Norwegian Military Ranks - Statistics

General Stats
  • This quiz has been taken 11 times
  • The average score is 12 of 21
Answer Stats
Level Name % Correct
OF9 General/Admiral
100%
OR5 Kvartermester/Sersjant
86%
OF3 Major/Orlogskaptein
86%
OR4 Konstabel/Ledende Spesialist/Korporal
71%
OF1+ Løytnant
71%
OR1 Menig/Flysoldat
71%
OF1 Fenrik
57%
OR9 Flaggmester/Sersjantmajor
57%
OF8 Generalløytnant/Viseadmiral
57%
OF2 Kaptein/Kapteinløytnant
57%
OR1+ Ledende Menig/Flysoldat
57%
OR3 Ledende Visekonstabel/Spesialist/Vise Korporal 1 kl.
57%
OR2 Visekonstabel/Visespesialist/Visekorporal
57%
OF6 Brigader/Flaggkommandør
43%
OR7 Flotiljemester/Stabsersjant
43%
OF7 Generalmajor/Kontreadmiral
43%
OF5 Oberst/kommandør
43%
OF4 Oberstløytnant/kommandørkaptein
43%
OR5+ Senior Kvartermester/Vingsersjant/Sersjant 1.kl
43%
OR6 Skvadronsmester/Oversersjant
43%
OR8 Orlogsmester/Kommandør Sersjant
29%
No matching quizzes found
Score Distribution
Percent of People with Each Score
Percentile by Number Answered
Your Score History
You have not taken this quiz